Memoirs of the life Andrew Hofer (Record no. 5875)

MARC details
000 -CABECERA
campo de control de longitud fija 00710nam a2200217 a 4500
001 - NÚMERO DE CONTROL
campo de control BRCA_6188
005 - FECHA Y HORA DE LA ÚLTIMA TRANSACCIÓN
campo de control 20190320205350.0
008 - DATOS DE LONGITUD FIJA--INFORMACIÓN GENERAL
campo de control de longitud fija 110711s1820----enkab#####---#000-0#eng-#
041 ## - CÓDIGO DE LENGUA
Código de lengua del texto/banda sonora o título independiente eng
044 ## - CÓDIGO DEL PAÍS DE LA ENTIDAD EDITORA/PRODUCTORA
Código MARC del país enk
050 #4 - SIGNATURA TOPOGRÁFICA DE LA BIBLIOTECA DEL CONGRESO
Número de clasificación DB77 H6
Número de documento/Ítem .H36
-- 1820
245 10 - MENCIÓN DE TÍTULO
Título Memoirs of the life Andrew Hofer
Resto del título containing an account of the transactions in the Tyrol during the year 1809, taken from the German
Mención de responsabilidad, etc. by Charles Henry Hall
260 ## - PUBLICACIÓN, DISTRIBUCIÓN, ETC.
Lugar de publicación, distribución, etc. Londres
Nombre del editor, distribuidor, etc. J. Murray
Fecha de publicación, distribución, etc. 1820
300 ## - DESCRIPCIÓN FÍSICA
Extensión 198 p.
Otras características físicas il. (algunas a color), mapas
Dimensiones 23 cm.
500 ## - NOTA GENERAL
Nota general Tiene anotaciones en la página 1
500 ## - NOTA GENERAL
Nota general I48
650 14 - PUNTO DE ACCESO ADICIONAL DE MATERIA--TÉRMINO DE MATERIA
Término de materia o nombre geográfico como elemento de entrada Hofer, Andreas
Subdivisión cronológica 1767-1810
9 (RLIN) 15578
651 #4 - PUNTO DE ACCESO ADICIONAL DE MATERIA--NOMBRE GEOGRÁFICO
Nombre geográfico Austria
Subdivisión general Historia
9 (RLIN) 15579
902 ## - CATALOGADOR
Iniciales GFM
942 ## - ELEMENTOS DE PUNTO DE ACCESO ADICIONAL (KOHA)
Fuente del sistema de clasificación o colocación Library of Congress Classification
Tipo de ítem Koha Libros
Holdings
Estado de retiro Estado de pérdida Estado dañado No para préstamo Localización permanente Ubicación/localización actual Fecha de adquisición Número de inventario Total de préstamos Signatura topográfica completa Código de barras Fecha visto por última vez Precio válido a partir de Tipo de ítem Koha
El ejemplar forma parte de la colección y puede ser consultado según las políticas vigentes.       Biblioteca del Museo Franz Mayer (Rogerio Casas-Alatriste) Biblioteca del Museo Franz Mayer (Rogerio Casas-Alatriste) 11/07/2011 I48   DB77 H6 .H36 1820 (I48) 6627 22/03/2019 22/03/2019 Libros